000 00488nam a2200169 a 4500
020 _a9788189741433 (hb)
082 _a624.03
_bKAP
_cN-01,p-146
100 _aKapoor, K
_937095
245 1 _aEncyclopedia of Civil Engineering.
260 _aNew Delhi:
_bSBS Publishers,
_c2007.
300 _a394p.
526 _a0
_b0
_c0
_d624_030000000000000_KAP
650 0 _aCivil Engineering -- Dictionaries.
_937096
650 0 _aNUST
_96342
700 _aKapoor, R. (ed.).
_937097
942 _2ddc
_cBK
999 _c542016
_d542016